Margaret Mead (Record no. 41577)

MARC details
000 -LEADER
campo de control de longitud fija 00764nam a2200265 i 4500
001 - NÚMERO DE CONTROL
campo de control 41577
003 - IDENTIFICADOR DE NÚMERO DE CONTROL
campo de control ES-MaACL
005 - FECHA Y HORA DE LA ÚLTIMA TRANSACCIÓN
campo de control 20250805062602.0
007 - CAMPO FIJO DE DESCRIPCIÓN FÍSICA--INFORMACIÓN GENERAL
campo de control de longitud fija t|
008 - DATOS DE LONGITUD FIJA--INFORMACIÓN GENERAL
campo de control de longitud fija 030311s1985 sp ||||1| spa d
020 ## - NÚMERO INTERNACIONAL ESTÁNDAR DEL LIBRO
Número Internacional Estándar del Libro 84-7222-836-3
080 ## - NÚMERO DE LA CLASIFICACIÓN DECIMAL UNIVERSAL
Número de la Clasificación Decimal Universal 316
080 ## - NÚMERO DE LA CLASIFICACIÓN DECIMAL UNIVERSAL
Número de la Clasificación Decimal Universal 929Mead, Margaret
100 1# - ENTRADA PRINCIPAL--NOMBRE DE PERSONA
Nombre de persona Cassidy, Robert.
9 (RLIN) 36349
245 10 - MENCIÓN DEL TÍTULO
Título Margaret Mead
Resto del título : el pensamiento de una época /
Mención de responsabilidad, etc. Robert Cassidy ; traducción de Carlos Milla.
260 ## - PUBLICACIÓN, DISTRIBUCIÓN, ETC.
Lugar de publicación, distribución, etc. Barcelona :
Nombre del editor, distribuidor, etc. Laia,
Fecha de publicación, distribución, etc. 1985.
300 ## - DESCRIPCIÓN FÍSICA
Extensión 239 p. ;
Dimensiones 19 cm.
500 ## - NOTA GENERAL
Nota general Índice.
504 ## - NOTA DE BIBLIOGRAFÍA, ETC.
Nota de bibliografía, etc. Bibliografía: p. 231-238.
600 14 - PUNTO DE ACCESO ADICIONAL DE MATERIA--NOMBRE DE PERSONA
Nombre de persona Mead, Margaret.
9 (RLIN) 79621
650 #7 - PUNTO DE ACCESO ADICIONAL DE MATERIA--TÉRMINO DE MATERIA
Término de materia o nombre geográfico como elemento de entrada Sociología
Fuente del encabezamiento o término embne
9 (RLIN) 17195
700 1# - ENTRADA AGREGADA--NOMBRE PERSONAL
Nombre de persona Milla Soler, Carlos.
9 (RLIN) 139937
852 4# - LOCALIZACIÓN
Ubicación ES-MaACL
Número de control de estantería B-6113
Holdings
Estatus retirado Estado de pérdida Estado de daño No para préstamo Biblioteca de origen Biblioteca actual Ubicación en estantería Fecha de adquisición Fuente de adquisición Total de préstamos Signatura topográfica completa Código de barras Visto por última vez Precio de reemplazo Tipo de ítem Koha
        Biblioteca del Ateneo de Madrid Biblioteca del Ateneo de Madrid Sala Pardo Bazán 17/01/2008     B-6113 1043770 23/02/2023 23/02/2023 Libro impreso